Τα παιδιά του ήλιου : η προέλευση, η εξέλιξη και η εξερεύνηση του ηλιακού συστήματος - και της ζωής

Αποθηκεύτηκε σε:
Λεπτομέρειες βιβλιογραφικής εγγραφής
Κύριος συγγραφέας: Brahic, A.
Άλλοι συγγραφείς: Οικονόμου, Ιωάννης (Μεταφραστής), Πετράκη, Μαριάνθη (trlf)
Μορφή: Βιβλίο
Γλώσσα:Greek
French
Δημοσίευση: Αθήνα : Κάτοπτρο, 2002.
Θέματα:
Ετικέτες: Προσθήκη ετικέτας
Δεν υπάρχουν, Καταχωρήστε ετικέτα πρώτοι!

MARC

LEADER 00000cam a2200000 i 4500
001 1/49476
008 140617s2002 gr | ||| |||| ||gre||
020 |a 9607778596  
035 |l 10118001 
040 |a GR-MyUA  |b gre  |e AACR2 
041 1 |a gre  |h fre 
082 0 |a 523.2  |2 (23) 
100 1 |a Brahic, A. 
245 1 3 |a Τα παιδιά του ήλιου :   |b η προέλευση, η εξέλιξη και η εξερεύνηση του ηλιακού συστήματος - και της ζωής /   |c Andre Brahic ; μετάφραση Ιωάννης Οικονόμου, Μαριάνθη Πετράκη.  
260 |a Αθήνα :   |b Κάτοπτρο,   |c 2002.  
300 |a 419 σ. :   |b εικ., σχέδια, πιν. ;   |c 24 εκ.  
500 |a Τίτλος πρωτοτύπου: Enfants du soleil 
504 |a Περιλαμβάνει ευρετήριο 
650 0 0 |a Solar system  |x Origin. 
650 0 0 |a Life  |x Origin. 
650 0 0 |a Astrophysics. 
700 1 |a Οικονόμου, Ιωάννης,  |e trl 
700 1 |a Πετράκη, Μαριάνθη,  |e trlf 
852 |a INST  |b SAMOS  |c EUDOXUS  |e 20140617  |h 523.2 BRA  |p 005300036648  |q 005300036648  |t EDX  |y 0 
901 |a BIBL3-2014-2 
909 |a Σ  |b 184932 
920 |a ΕΥΔΟΞΟΣ  |b ΠΑΡΑΓΓΕΛΙΑ  |y Σάμος-ΤΣΑΧΜ  |z 2014-04 
970 |a ΓΟΥΒΑΛΑ  |b ΒΑΣΩ  |z 2014/06/17